Introduction to plant ecology; A guide for beginners in the study of plant communities (Record no. 23182)

MARC details
000 -LEADER
fixed length control field 00468nam a2200133Ia 4500
082 ## - DEWEY DECIMAL CLASSIFICATION NUMBER
Classification number 581.5
Item number WIL
100 ## - MAIN ENTRY--AUTHOR NAME
Personal name WILLIS, A J
245 #0 - TITLE STATEMENT
Title Introduction to plant ecology; A guide for beginners in the study of plant communities
260 ## - PUBLICATION, DISTRIBUTION, ETC. (IMPRINT)
Place of publication London
Name of publisher George Allen & Unwin
Year of publication 1973
505 ## - FORMATTED CONTENTS NOTE
Formatted contents note A completely revised edition of the late Sir Arthur Tansley's book of the same title.
650 ## - SUBJECT ADDED ENTRY--TOPICAL TERM
Topical Term Plant ecology
942 ## - ADDED ENTRY ELEMENTS (KOHA)
Koha item type Books
Holdings
Withdrawn status Lost status Damaged status Not for loan Home library Current library Date acquired Full call number Accession Number Koha item type
        RRII Library RRII Library 16/12/2021 581.5 WIL 03883 Books